000 00237nam a2200109Ia 4500
008 170627s9999 xx 000 0 und d
100 _aKHAN - JAIN
245 0 _aMANAGEMENT ACCOUNTING
260 _bTMH
260 _c2004
546 _aENGLISH
690 _aACCOUNTING
999 _c35285
_d35285